[Event "Have to start some time..."]
[Site "SchemingMind.com"]
[Date "2006.05.17"]
[Round "-"]
[White "Dr_Pat"]
[Black "Easy_E"]
[Result "1-0"]
[WhiteCountry "USA"]
[BlackCountry "USA"]
[WhiteElo "1469"]
[WhiteRD "51"]
[BlackElo "1400"]
[BlackRD "65"]
[GameID "51122"]

1. d4 d5 2. Nf3 Nc6 3. e3 Bg4 4. c4 e6 5. Nc3 Bb4 6. Bd2 Nge7 7. Be2 O-O 8. O-O Ng6 9. a3 Bd6 10. cxd5 Nce7
11. dxe6 fxe6 12. Ne4 Bxh2+ 13. Nxh2 Bf5 14. Ng3 Qd5 15. Bb4 Nh4 16. Bf3 Nxf3+ 17. Qxf3 Rf7 18. Bxe7 Rxe7 19. Qxd5 exd5 20. Nxf5 Rf7
21. Ng3 Raf8 22. b4 c6 23. Ng4 g6 24. Ne5 Re7 25. Rac1 h5 26. Nxg6 Rg7 27. Nxf8 h4 28. Nf5 Rg5 29. Nxh4 Kxf8 30. b5 cxb5
31. Rc8+ Kg7 32. Rc7+ Kh6 33. Rxb7 a6 34. f4 Rh5 35. g3 b4 36. axb4 a5 37. bxa5 Rf5 38. Nxf5+ Kg6 39. Ne7+ Kf6 40. Nxd5+ Kf5
41. a6 Ke4 42. a7 Kxd5 43. a8=Q
1-0

[Event "Have to start some time..."]
[Site "SchemingMind.com"]
[Date "2006.05.17"]
[Round "-"]
[White "Easy_E"]
[Black "Dr_Pat"]
[Result "0-1"]
[WhiteCountry "USA"]
[BlackCountry "USA"]
[WhiteElo "1400"]
[WhiteRD "65"]
[BlackElo "1469"]
[BlackRD "51"]
[GameID "51123"]

1. e4 c5 2. Nf3 d6 3. d4 cxd4 4. Nxd4 Nf6 5. Nc3 a6 6. Bc4 b5 7. Bb3 e6 8. O-O b4 9. Qf3 bxc3 10. e5 Nd5
11. Ba4+ Bd7 12. Bxd7+ Nxd7 13. exd6 Bxd6 14. bxc3 O-O 15. c4 Nb4 16. Ba3 Re8 17. Nc6 Qb6 18. Bb2 Nxc6 19. Rab1 Qc7 20. Qg4 g6
21. Rfd1 Na5 22. Qd4 Be5 23. Qxd7 Qxd7 24. Rxd7 Rab8 25. Rd5 exd5 26. cxd5 Rxb2 27. Rd1 Rxc2 28. d6 Rxa2 29. d7 Rd8 30. g3 Nc4
31. f4 Bf6 32. Rb1 Bd4+ 33. Kh1 Ra1 34. Rxa1 Bxa1 35. g4 Rxd7 36. h4 a5 37. f5 gxf5 38. g5 a4 39. h5 a3 40. g6 a2
41. gxh7+ Kxh7 42. Kh2 Be5+ 43. Kh3 a1=Q 44. Kh4 Qd4+
0-1

[Event "Have to start some time..."]
[Site "SchemingMind.com"]
[Date "2006.05.17"]
[Round "-"]
[White "knightrider"]
[Black "Easy_E"]
[Result "1/2-1/2"]
[WhiteCountry "USA"]
[BlackCountry "USA"]
[WhiteElo "1364"]
[WhiteRD "65"]
[BlackElo "1469"]
[BlackRD "71"]
[GameID "51162"]

1. e4 e5 2. Nf3 Nc6 3. Bb5 a6 4. Ba4 Nf6 5. Nc3 Bc5 6. d4 exd4 7. Ne2 Bb4+ 8. Bd2 Nxe4 9. Bxb4 Nxb4 10. Qxd4 Qe7
11. Qxg7 Qf6 12. Qxf6 Nxf6 13. a3 Nbd5 14. c4 Ne7 15. Bb3 b6 16. Rd1 Bb7 17. O-O O-O-O 18. c5 bxc5 19. Ne5 Rhg8 20. Bxf7 Rxg2+
21. Kh1 Rxf2+ 22. Kg1 Rxe2 23. Rxf6 Rxe5 24. Rdf1 Rg5+ 25. Kf2 Bd5 26. Rxa6 Rf5+ 27. Ke1 Rxf7 28. Rxf7 Nc6 29. Rf5 Re8+ 30. Kf2 Bc4
31. Ra8+ Nb8 32. Rxc5 Re2+ 33. Kf3 Rc2 34. Ke3 d6 35. Rh5 Re2+ 36. Kd4 Ba6 37. Rxh7 Kb7 38. Rxb8+ Kxb8 39. Kc3 Re3+ 40. Kb4 d5
41. Kc5 Bb7 42. Rh8+ Ka7 43. a4=
1/2-1/2

[Event "Have to start some time..."]
[Site "SchemingMind.com"]
[Date "2006.05.17"]
[Round "-"]
[White "knightrider"]
[Black "Dr_Pat"]
[Result "1/2-1/2"]
[WhiteCountry "USA"]
[BlackCountry "USA"]
[WhiteElo "1374"]
[WhiteRD "61"]
[BlackElo "1469"]
[BlackRD "51"]
[GameID "51163"]

1. e4 c5 2. Nf3 d6 3. d4 cxd4 4. Nxd4 Nf6 5. Nc3 a6 6. g3 e6 7. Bg2 Qc7 8. O-O Nbd7 9. Nf3 Be7 10. Re1 Rb8
11. Bf4 b5 12. e5 dxe5 13. Nxe5 Bd6 14. Nd3 Bxf4 15. Nxf4 O-O 16. a3 Bb7 17. a4 b4 18. Ne4 a5 19. Nd6 Bxg2 20. Kxg2 e5
21. Nb5 Qc6+ 22. Nd5 Qxd5+ 23. Qxd5 Nxd5 24. Rad1 N7b6 25. Rxe5 Rbd8 26. c4 Nf6 27. Rxd8 Rxd8 28. c5 Nxa4 29. b3 Nb2 30. c6 Nd3
31. c7 Rc8 32. Re7 Nd5 33. Rd7 Nxc7 34. Nxc7 Nc5 35. Rd1 Nxb3 36. Nb5 h6 37. Rb1 a4 38. Rb2 Rb8 39. Nc7 Nd4 40. Na6 a3
41. Rxb4 Rxb4 42. Nxb4 Nb5 43. Na2=
1/2-1/2

[Event "Have to start some time..."]
[Site "SchemingMind.com"]
[Date "2006.05.18"]
[Round "-"]
[White "Easy_E"]
[Black "knightrider"]
[Result "0-1"]
[WhiteCountry "USA"]
[BlackCountry "USA"]
[WhiteElo "1469"]
[WhiteRD "71"]
[BlackElo "1364"]
[BlackRD "65"]
[GameID "51164"]

1. e4 c5 2. Nf3 e6 3. d4 cxd4 4. Nxd4 Nc6 5. Bb5 Qb6 6. Be3 Nxd4 7. Nc3 e5 8. a4 Bb4 9. f4 Bxc3+ 10. bxc3 a6
11. Bxd4 exd4 12. c4 axb5 13. cxb5 Nf6 14. e5 Ne4 15. Qe2 d5 16. exd6 f5 17. Qh5+ g6 18. Qg5 Nxg5 19. fxg5 Qxd6 20. O-O O-O
21. Rad1 Rxa4 22. c3 Qc5 23. cxd4 Rxd4 24. Kh1 Rxd1 25. Rxd1 b6 26. Rb1 Bb7 27. Re1 Qf2 28. Rg1 Re8 29. h4 Re1
0-1

[Event "Have to start some time..."]
[Site "SchemingMind.com"]
[Date "2006.05.17"]
[Round "-"]
[White "Dr_Pat"]
[Black "knightrider"]
[Result "0-1"]
[WhiteCountry "USA"]
[BlackCountry "USA"]
[WhiteElo "1469"]
[WhiteRD "51"]
[BlackElo "1374"]
[BlackRD "61"]
[GameID "51165"]

1. d4 d5 2. c4 e6 3. Nf3 c5 4. Nc3 Nc6 5. e3 Nf6 6. Be2 a6 7. O-O Be7 8. Bd2 O-O 9. cxd5 exd5 10. Rc1 Be6
11. dxc5 Bxc5 12. h3 h6 13. Nh2 Bd6 14. Bd3 Ne5 15. Bb1 b5 16. Ne2 Nc4 17. Ng3 Nxb2 18. Qc2 Nc4 19. Nh5 g6 20. Nxf6+ Qxf6
21. Be1 Bf5 22. Qc3 Be5 23. Qb3 Rac8 24. Bxf5 Qxf5 25. Nf3 Nb2 26. Rxc8 Rxc8 27. Qa3 Na4 28. Nxe5 Qxe5 29. f3 d4 30. exd4 Qxd4+
31. Bf2 Qd2 32. Qe3 Qxa2 33. Qxh6 Rc2 34. Qh4 Nc3 35. Qd8+ Kg7 36. Bd4+ f6 37. Qxf6+ Kh6 38. Be3+ Kh7 39. Rf2 Ne2+ 40. Kh2 Qg8
41. Qh4+ Kg7 42. Bd4+ Kf8 43. Qf6+ Qf7 44. Qxf7+ Kxf7 45. g3 b4 46. Kg2 b3 47. f4 b2 48. Bxb2 Rxb2 49. Kf3 a5 50. Rxe2 Rb3+
51. Re3 a4
0-1

[Event "Have to start some time..."]
[Site "SchemingMind.com"]
[Date "2006.05.18"]
[Round "-"]
[White "ld31337"]
[Black "Easy_E"]
[Result "1-0"]
[WhiteCountry "USA"]
[BlackCountry "USA"]
[WhiteElo "1471"]
[WhiteRD "76"]
[BlackElo "1400"]
[BlackRD "65"]
[GameID "51341"]

1. e4 c5 2. Nf3 d6 3. Bb5+ Bd7 4. c4 a6 5. Bxd7+ Nxd7 6. O-O Ngf6 7. d3 g6 8. Nc3 Bg7 9. Be3 Ng4 10. Bf4 Qb6
11. Nd5 Qc6 12. Ng5 Bxb2 13. Rb1 Be5 14. Qxg4 f5 15. Qh3 b5 16. exf5 bxc4 17. Ne6 Qxd5 18. Nc7+ Kd8 19. Nxd5 Bd4 20. Qh4 Nf6
21. Nb6 Rb8 22. fxg6 cxd3 23. g7 Rg8 24. Bh6 Ne8 25. Nd5 Rxb1 26. Rxb1 Nf6 27. Rb8+ Kd7 28. Qh3+ Kc6 29. Nxe7+ Kc7 30. Nxg8 Kxb8
31. Nxf6 d2 32. Bxd2 Bxf6 33. g8=Q+ Kc7 34. Ba5+ Kc6 35. Qa8+ Kb5 36. Qb7+
1-0

[Event "Have to start some time..."]
[Site "SchemingMind.com"]
[Date "2006.05.18"]
[Round "-"]
[White "ld31337"]
[Black "Dr_Pat"]
[Result "1/2-1/2"]
[WhiteCountry "USA"]
[BlackCountry "USA"]
[WhiteElo "1471"]
[WhiteRD "76"]
[BlackElo "1469"]
[BlackRD "51"]
[GameID "51342"]

1. e4 c5 2. Nf3 d6 3. d4 cxd4 4. Nxd4 Nf6 5. Bd3 e6 6. O-O a6 7. Nc3 b5 8. Qf3 Nbd7 9. Nc6 Qc7 10. e5 Bb7
11. exf6 Bxc6 12. Be4 Bxe4 13. Qxe4 Rb8 14. fxg7 Bxg7 15. Bd2 O-O 16. b4 Bxc3 17. Bxc3 Qxc3 18. Rae1 Rbc8 19. Re3 Qxc2 20. Qg4+ Kh8
21. Rg3 Rg8 22. Qd4+ f6 23. Qxd6 Qc6 24. Qe7 Rxg3 25. hxg3 Rf8 26. Kh2 Kg8 27. Re1 Ne5 28. Kh3 Ng6 29. Qxe6+ Qxe6+ 30. Rxe6 Ne5
31. Rxa6 Nd3 32. a4 Nxb4 33. Rb6 Nd3 34. axb5 Nxf2+ 35. Kh2 Ng4+ 36. Kh3 Ne5 37. Kh4 Kg7 38. Kh5 Nd7 39. Rb7 Rf7 40. g4 h6
41. g3 Re7 42. Rc7 Kf7 43. Kxh6 Nb6 44. Rxe7+ Kxe7 45. Kg6 Ke6 46. g5 fxg5 47. Kxg5 Kf7 48. Kh6 Kg8 49. g4 Nc4 50. g5 Nb6
51. g6 Nc4 52. Kg5 Nb6 53. Kf6 Nd5+ 54. Ke6 Nc7+ 55. Kd6=
1/2-1/2

[Event "Have to start some time..."]
[Site "SchemingMind.com"]
[Date "2006.05.18"]
[Round "-"]
[White "ld31337"]
[Black "knightrider"]
[Result "0-1"]
[WhiteCountry "USA"]
[BlackCountry "USA"]
[WhiteElo "1449"]
[WhiteRD "74"]
[BlackElo "1364"]
[BlackRD "65"]
[GameID "51343"]

1. e4 c5 2. Nf3 d6 3. Nc3 Nc6 4. b3 Nf6 5. Bd3 g6 6. O-O Bg7 7. Bb2 O-O 8. Qe2 a6 9. Nd5 e6 10. Nxf6+ Bxf6
11. Bxf6 Qxf6 12. Rae1 e5 13. c3 b5 14. a4 bxa4 15. bxa4 Na5 16. Rb1 Be6 17. Rb6 Bc8 18. Bxa6 Qd8 19. Rfb1 c4 20. Qe3 Bxa6
21. Ng5 Qc7 22. Qh3 h5 23. Qf3 Nb3 24. R1xb3 cxb3 25. Rxb3 Qc4 26. Rb6 Qf1#
0-1

[Event "Have to start some time..."]
[Site "SchemingMind.com"]
[Date "2006.05.18"]
[Round "-"]
[White "Easy_E"]
[Black "ld31337"]
[Result "1-0"]
[WhiteCountry "USA"]
[BlackCountry "USA"]
[WhiteElo "1469"]
[WhiteRD "71"]
[BlackElo "1449"]
[BlackRD "74"]
[GameID "51344"]

1. e4 e5 2. Nf3 Nc6 3. Bb5 d6 4. d4 Bd7 5. Nc3 Be7 6. h4 h5 7. Nd5 Bf6 8. Bg5 Bxg5 9. hxg5 a6 10. Ba4 b5
11. Bb3 Nge7 12. Qd2 Ng6 13. O-O-O a5 14. a4 b4 15. Rh2 exd4 16. Nxd4 Nxd4 17. Qxd4 Qxg5+ 18. Rd2 c6 19. Nc7+ Kd8 20. Nxa8 Nf4
21. Qe3 f6 22. g3 Nh3 23. f4 Qg4 24. Qb6+ Ke7 25. Nc7 Qxg3 26. Ne6 Bxe6 27. Qc7+ Bd7 28. Rxd6 Qxf4+ 29. Rhd2 Rd8 30. Rxd7+
1-0

[Event "Have to start some time..."]
[Site "SchemingMind.com"]
[Date "2006.05.18"]
[Round "-"]
[White "Dr_Pat"]
[Black "ld31337"]
[Result "1-0"]
[WhiteCountry "USA"]
[BlackCountry "USA"]
[WhiteElo "1409"]
[WhiteRD "54"]
[BlackElo "1449"]
[BlackRD "74"]
[GameID "51345"]

1. d4 Nc6 2. c4 e5 3. d5 Nd4 4. Nc3 a6 5. g3 d6 6. Bg2 Be7 7. Nf3 Bf6 8. O-O Ne7 9. e3 Nxf3+ 10. Bxf3 O-O
11. Bg2 Bf5 12. e4 Bg6 13. Be3 c5 14. f4 exf4 15. Bxf4 Bd4+ 16. Kh1 Qb6 17. Rb1 Qb4 18. Ne2 Qxc4 19. Bxd6 Rfe8 20. Bxe7 Rxe7
21. Nxd4 cxd4 22. a3 d3 23. b3 Qd4 24. b4 d2 25. Qc2 Rxe4 26. Qc7 Re2 27. Rbd1 Be4 28. Qxf7+
1-0

[Event "Have to start some time..."]
[Site "SchemingMind.com"]
[Date "2006.05.18"]
[Round "-"]
[White "knightrider"]
[Black "ld31337"]
[Result "1-0"]
[WhiteCountry "USA"]
[BlackCountry "USA"]
[WhiteElo "1364"]
[WhiteRD "65"]
[BlackElo "1449"]
[BlackRD "74"]
[GameID "51346"]

1. e4 e5 2. Nf3 Nc6 3. Bc4 Bc5 4. c3 Nf6 5. O-O O-O 6. d4 exd4 7. cxd4 Bd6 8. e5 Bb4 9. exf6 Qxf6 10. a3 Ba5
11. Bg5 Qg6 12. d5 Qe4 13. dxc6 Qxc4 14. cxd7 Bxd7 15. Qxd7 f6 16. Bd2 Bb6 17. Bc3 Rad8 18. Qh3 Rfe8 19. Nbd2 Qe2 20. Rae1 Qd3
21. Rxe8+ Rxe8 22. Re1 Rd8 23. Qe6+ Kf8 24. Qe7+ Kg8 25. Ng5 fxg5 26. Qxg7#
1-0

[Event "Have to start some time..."]
[Site "SchemingMind.com"]
[Date "2006.05.19"]
[Round "-"]
[White "Mitchell-in"]
[Black "ld31337"]
[Result "0-1"]
[WhiteCountry "ENG"]
[BlackCountry "USA"]
[WhiteElo "1639"]
[WhiteRD "63"]
[BlackElo "1486"]
[BlackRD "80"]
[GameID "51504"]

1. d4 d5 2. c4 Nf6 3. Nc3 dxc4 4. e4 Nc6 5. Be3 g6 6. Bxc4 e5 7. d5 Na5 8. Qa4+ c6 9. Nf3 Bd6 10. dxc6 O-O
11. cxb7 Bxb7 12. Bd5 Bxd5 13. Nxd5 Nxd5 14. exd5 Rb8 15. Bxa7 Rxb2 16. O-O Nb7 17. Rab1 Rxb1 18. Rxb1 Qc7 19. Bb6 Qe7 20. Qc6 e4
21. Nd4 Be5 22. Bc5 Qxc5 23. Qxc5 Nxc5 24. Nc6 Bd6 25. Rb6 Nd3 26. a4 Nxf2 27. Kf1 e3 28. Nd4 Bc5
0-1

[Event "Have to start some time..."]
[Site "SchemingMind.com"]
[Date "2006.05.19"]
[Round "-"]
[White "Mitchell-in"]
[Black "Easy_E"]
[Result "1-0"]
[WhiteCountry "ENG"]
[BlackCountry "USA"]
[WhiteElo "1667"]
[WhiteRD "94"]
[BlackElo "1400"]
[BlackRD "65"]
[GameID "51505"]

1. e4 e5 2. Nf3 Nc6 3. Bc4 Nf6 4. d4 Nxe4 5. dxe5 Bb4+ 6. c3 Ba5 7. Qd5 O-O 8. Qxe4 Bb6 9. O-O d6 10. Bd3 g6
11. Bh6 Re8 12. Bg5 Qd7 13. Qf4 dxe5 14. Qe4 Ne7 15. Nxe5 Qb5 16. Bxb5 c6 17. Qf3 cxb5 18. Qxf7+ Kh8 19. Bf6#
1-0

[Event "Have to start some time..."]
[Site "SchemingMind.com"]
[Date "2006.05.19"]
[Round "-"]
[White "Mitchell-in"]
[Black "Dr_Pat"]
[Result "0-1"]
[WhiteCountry "ENG"]
[BlackCountry "USA"]
[WhiteElo "1639"]
[WhiteRD "63"]
[BlackElo "1440"]
[BlackRD "47"]
[GameID "51506"]

1. e4 e6 2. d4 d5 3. exd5 exd5 4. Nf3 Nf6 5. c4 Bb4+ 6. Bd2 Bxd2+ 7. Qxd2 Nc6 8. Nc3 O-O 9. Be2 b6 10. O-O Re8
11. Rfe1 Ne4 12. Qd1 Nxc3 13. bxc3 Be6 14. cxd5 Bxd5 15. c4 Bxf3 16. Bxf3 Rxe1+ 17. Qxe1 Qd6 18. Bxc6 Qxc6 19. Qc3 h6 20. d5 Qd7
21. Rd1 c6 22. Rd2 Re8 23. h3 Re1+ 24. Kh2 Qd6+ 25. Qg3 Qxg3+ 26. Kxg3 cxd5 27. cxd5 b5 28. d6 Re8 29. d7 Rd8 30. Rd5 b4
31. Kf4 Kf8 32. Kf5 Ke7 33. Rd4 Rxd7 34. Rxb4 g6+ 35. Kf4 Ke6 36. Re4+ Kd5 37. Re5+ Kc4 38. Re4+ Rd4 39. Rxd4+ Kxd4 40. g4 a5
41. h4 a4 42. h5 gxh5 43. gxh5 Kc3 44. Kf5 Kb2 45. Kf6 Kxa2 46. Kxf7 Kb2 47. f4 a3 48. f5 a2 49. f6 a1=Q 50. Kg7 Kb3
51. Kg6 Kc4 52. f7 Qh8 53. Kf5 Kd5 54. Kg6 Ke6 55. f8=Q Qxf8 56. Kh7 Qe7+ 57. Kg6 Qg5+
0-1

[Event "Have to start some time..."]
[Site "SchemingMind.com"]
[Date "2006.05.19"]
[Round "-"]
[White "Mitchell-in"]
[Black "knightrider"]
[Result "0-1"]
[WhiteCountry "ENG"]
[BlackCountry "USA"]
[WhiteElo "1639"]
[WhiteRD "63"]
[BlackElo "1430"]
[BlackRD "58"]
[GameID "51507"]

1. e4 c5 2. c3 e5 3. Nf3 Nf6 4. d3 Nc6 5. Bg5 Be7 6. Be2 O-O 7. Nbd2 h6 8. Bh4 b5 9. c4 a6 10. O-O Nh5
11. Bxe7 Qxe7 12. cxb5 axb5 13. Ne1 Nf6 14. f4 exf4 15. Rxf4 Qe5 16. g3 Nd4 17. b3 Nxe2+ 18. Qxe2 Qxa1 19. e5 Nd5 20. Rf1 Nc3
21. Qe3 Rxa2 22. Qxc5 Ne2+ 23. Kf2 Rxd2 24. Nc2 Nxg3+
0-1

[Event "Have to start some time..."]
[Site "SchemingMind.com"]
[Date "2006.05.19"]
[Round "-"]
[White "ld31337"]
[Black "Mitchell-in"]
[Result "0-1"]
[WhiteCountry "USA"]
[BlackCountry "ENG"]
[WhiteElo "1486"]
[WhiteRD "80"]
[BlackElo "1639"]
[BlackRD "63"]
[GameID "51508"]

1. e4 c5 2. Nf3 Nc6 3. Bb5 Nd4 4. c4 a6 5. Qa4 axb5 6. Qxa8 Nc2+ 7. Kf1 Nxa1 8. cxb5 Nc2 9. b3 Nd4 10. Nxd4 cxd4
11. Qa4 e5 12. d3 Nf6 13. Nd2 Be7 14. Nf3 Qc7 15. Bd2 O-O 16. g3 Qc2 17. Bb4 Bxb4 18. Qxb4 Qxd3+ 19. Kg2 Nxe4 20. Nxe5 Qd2
21. Qxd2 Nxd2 22. Rd1 Ne4 23. Rxd4 Nf6 24. a4 Re8 25. Nf3 d5 26. a5 Re4 27. a6 bxa6 28. b6 Bb7 29. b4 Rxd4 30. Nxd4 Nd7
0-1

[Event "Have to start some time..."]
[Site "SchemingMind.com"]
[Date "2006.05.20"]
[Round "-"]
[White "Easy_E"]
[Black "Mitchell-in"]
[Result "0-1"]
[WhiteCountry "USA"]
[BlackCountry "ENG"]
[WhiteElo "1407"]
[WhiteRD "66"]
[BlackElo "1639"]
[BlackRD "63"]
[GameID "51509"]

1. e4 e5 2. Nf3 Nc6 3. Bb5 a6 4. Ba4 Nf6 5. O-O b5 6. Bb3 Be7 7. Ng5 O-O 8. Qf3 h6 9. Nxf7 Rxf7 10. Qg3 d5
11. d3 Rf8 12. Bxh6 Rf7 13. f4 Kh8 14. fxe5 Nxe5 15. Qxe5 gxh6 16. Bxd5 Rf8 17. Bxa8 Bd6 18. Qc3 b4 19. Qc6 Bd7 20. Qxa6 Qxa8
21. Qxa8 Rxa8 22. Rxf6 Be5 23. Rxh6+ Kg7 24. Rh5 Bxb2 25. Rg5+ Kf6 26. h4 Bxa1 27. a3 bxa3 28. Nxa3 Rxa3 29. Rg3 Ra2 30. Rf3+ Kg6
31. c4 Ba4 32. g4 Bc2 33. h5+ Kh6 34. Rf7 Bxd3 35. Rxc7 Bd4+ 36. Kh1 Bxe4#
0-1

[Event "Have to start some time..."]
[Site "SchemingMind.com"]
[Date "2006.05.19"]
[Round "-"]
[White "Dr_Pat"]
[Black "Mitchell-in"]
[Result "0-1"]
[WhiteCountry "USA"]
[BlackCountry "ENG"]
[WhiteElo "1440"]
[WhiteRD "47"]
[BlackElo "1639"]
[BlackRD "63"]
[GameID "51510"]

1. d4 d5 2. c4 e5 3. dxe5 d4 4. e4 Nc6 5. f4 f6 6. Nf3 Bg4 7. Be2 Bxf3 8. Bxf3 fxe5 9. O-O Nf6 10. fxe5 Nxe5
11. b3 Bc5 12. Kh1 O-O 13. Bf4 Nxf3 14. Qxf3 c6 15. Nd2 Qd7 16. Qg3 Nh5 17. Qg5 Nxf4 18. Qxc5 Nd3 19. Rxf8+ Rxf8 20. Qxa7 Nf2+
21. Kg1 d3 22. Rf1 Nh3+ 23. gxh3 Rxf1+ 24. Kxf1 Qxh3+ 25. Kg1 Qg4+ 26. Kh1 Qd1+ 27. Kg2 Qxd2+ 28. Kh1 Qe1+
0-1

[Event "Have to start some time..."]
[Site "SchemingMind.com"]
[Date "2006.05.19"]
[Round "-"]
[White "knightrider"]
[Black "Mitchell-in"]
[Result "1-0"]
[WhiteCountry "USA"]
[BlackCountry "ENG"]
[WhiteElo "1485"]
[WhiteRD "56"]
[BlackElo "1605"]
[BlackRD "60"]
[GameID "51511"]

1. e4 e5 2. Nf3 f5 3. Nxe5 Qf6 4. Nc4 fxe4 5. Nc3 Qd4 6. d3 Bc5 7. Be3 Qf6 8. Bxc5 exd3 9. Bxd3 d6 10. Be3 Ne7
11. Ne4 Qf7 12. Ng5 Qd5 13. Qf3 Qxf3 14. Nxf3 O-O 15. Ng5 h6 16. Nf3 Nbc6 17. O-O d5 18. Nce5 Nxe5 19. Nxe5 c6 20. Bc5 Re8
21. Rae1 b6 22. Bxe7 Rxe7 23. Nxc6 Rxe1 24. Rxe1 Bb7 25. Nd4 Rf8 26. b3 a5 27. a4 g5 28. Bb5 Rf4 29. Re8+ Kf7 30. c3 Re4
31. Rxe4 dxe4 32. Nf5 Kg6 33. Nd6 Bd5 34. c4 Be6 35. Nxe4 Bf5 36. Nc3 Bc2 37. Nd5 Bxb3 38. Nxb6 Kf5 39. h3 Ke6 40. c5 Ke7
41. c6 Kd6 42. Na8 Be6 43. c7 Bc8 44. Nb6 Kxc7 45. Nxc8 Kxc8 46. g4 Kb7 47. Kg2 Kb6 48. Kg3 Kc5 49. f3 Kd4 50. h4 Ke5
51. Be8 Kf6 52. f4 gxf4+ 53. Kxf4 Kg7 54. Bh5 Kf6 55. Ke4 Ke6 56. g5 hxg5 57. hxg5 Ke7 58. Ke5 Kf8 59. Kf6 Kg8 60. g6 Kf8
61. g7+ Kg8 62. Bf7+ Kh7 63. g8=Q+
1-0

[Event "Have to start some time..."]
[Site "SchemingMind.com"]
[Date "2006.05.19"]
[Round "-"]
[White "thinkfirst29"]
[Black "ld31337"]
[Result "0-1"]
[WhiteCountry "USA"]
[BlackCountry "USA"]
[WhiteElo "1603"]
[WhiteRD "70"]
[BlackElo "1471"]
[BlackRD "76"]
[GameID "51513"]

1. c4 c5 2. Nf3 Nf6 3. d4 cxd4 4. Nxd4 Nc6 5. Nc3 e5 6. Nxc6 Qc7 7. Nxe5 Qxe5 8. e3 Bb4 9. Bd2 O-O 10. a3 Bd6
11. Bd3 b6 12. f4 Qh5 13. Qxh5 Nxh5 14. Be4 Rb8 15. Bf3 Nf6 16. g4 Bb7 17. Bxb7 Rxb7 18. Nb5 Bc5 19. b4 Be7 20. Ke2 a6
21. Nc3 Nxg4 22. h3 Nf6 23. h4 Rc7 24. Nd5 Nxd5 25. cxd5 d6 26. h5 h6 27. f5 Bg5 28. Rhg1 Rc2 29. f6 Bxf6 30. Raf1 Kh7
31. Kd3 Ra2 32. Ra1 Bxa1 33. Rc1 Rxa3+ 34. Ke4 Re8+ 35. Kf3 Re5 36. Rc6 Rxd5 37. Rxb6 Rxd2 38. Ke4 d5+
0-1

[Event "Have to start some time..."]
[Site "SchemingMind.com"]
[Date "2006.05.19"]
[Round "-"]
[White "thinkfirst29"]
[Black "Easy_E"]
[Result "1-0"]
[WhiteCountry "USA"]
[BlackCountry "USA"]
[WhiteElo "1603"]
[WhiteRD "70"]
[BlackElo "1400"]
[BlackRD "65"]
[GameID "51514"]

1. c4 g5 2. d4 Bg7 3. Bxg5 Nc6 4. Nf3 d5 5. e3 Be6 6. b3 h6 7. Bh4 Bg4 8. Be2 Nb4 9. a3 Nc6 10. c5 Nf6
11. h3 Bf5 12. O-O Ne4 13. g4 Rg8 14. Kh2 Bd7 15. Qc2 Qc8 16. Nbd2 Bxg4 17. hxg4 Qxg4 18. Rg1 Nxd4 19. Rxg4 Nxc2 20. Ra2 Ne1
21. Nxe1 Be5+ 22. f4 Nxd2 23. Rxg8+ Kd7 24. Rxa8 Bc3 25. Bg4+ e6 26. Nf3 Nxb3 27. Ne5+ Bxe5 28. fxe5 Nxc5 29. Bh5 b5 30. Bxf7 a6
31. Be8#
1-0

[Event "Have to start some time..."]
[Site "SchemingMind.com"]
[Date "2006.05.19"]
[Round "-"]
[White "thinkfirst29"]
[Black "Dr_Pat"]
[Result "0-1"]
[WhiteCountry "USA"]
[BlackCountry "USA"]
[WhiteElo "1603"]
[WhiteRD "70"]
[BlackElo "1469"]
[BlackRD "51"]
[GameID "51515"]

1. c4 Nf6 2. d4 e6 3. Nc3 d5 4. Nf3 Bb4 5. Bg5 O-O 6. e3 Nbd7 7. a3 Bxc3+ 8. bxc3 c5 9. cxd5 exd5 10. Ne5 Qc7
11. Bd3 c4 12. Bc2 h6 13. Bh4 Ne4 14. Bxe4 dxe4 15. f4 f6 16. Nxd7 Bxd7 17. O-O Qa5 18. Qc2 f5 19. Be7 Rfe8 20. Bb4 Qc7
21. h3 a5 22. Bc5 b6 23. Bxb6 Qxb6 24. Rab1 Qd6 25. Rb5 Bxb5 26. a4 Bd7 27. Kh1 Rab8 28. Rd1 Qg6 29. Qe2 Rbc8 30. Rb1 Bxa4
31. Qa2 Bb3 32. Qxa5 Kh8 33. Rb2 Ra8 34. Qb5 Qg3 35. Rb1 Ra2
0-1

[Event "Have to start some time..."]
[Site "SchemingMind.com"]
[Date "2006.05.19"]
[Round "-"]
[White "thinkfirst29"]
[Black "knightrider"]
[Result "1-0"]
[WhiteCountry "USA"]
[BlackCountry "USA"]
[WhiteElo "1603"]
[WhiteRD "70"]
[BlackElo "1374"]
[BlackRD "61"]
[GameID "51516"]

1. c4 Nf6 2. Nf3 e6 3. d4 b6 4. a3 Ba6 5. Qc2 Bb7 6. Bg5 h6 7. Bh4 Be7 8. Nc3 d5 9. e3 Nc6 10. O-O-O dxc4
11. Bxc4 Na5 12. Bb5+ Nc6 13. Na2 O-O 14. Bxc6 Bxc6 15. Qxc6 Ng4 16. Bxe7 Qxe7 17. Rd2 Rad8 18. h3 Rd6 19. Qb5 Nf6 20. Rc2 Rd5
21. Qc6 Ne8 22. Nb4 Qd7 23. Nxd5 Qxc6 24. Rxc6 exd5 25. Kd2 a5 26. Rhc1 f6 27. Ne1 f5 28. f4 Rf6 29. Rxf6 gxf6 30. Rc6 Kg7
31. Nd3 Kf7 32. b4 Ke7 33. bxa5 Kd7 34. Rc2 bxa5 35. Nc5+ Ke7 36. Nb7 Kf7 37. Nxa5 Kg6 38. Nb7 Ng7 39. Rxc7 Nh5 40. a4
1-0

[Event "Have to start some time..."]
[Site "SchemingMind.com"]
[Date "2006.05.19"]
[Round "-"]
[White "thinkfirst29"]
[Black "Mitchell-in"]
[Result "0-1"]
[WhiteCountry "USA"]
[BlackCountry "ENG"]
[WhiteElo "1627"]
[WhiteRD "70"]
[BlackElo "1639"]
[BlackRD "63"]
[GameID "51517"]

1. e4 c5 2. Nf3 Nc6 3. d4 cxd4 4. Nxd4 e5 5. Nxc6 bxc6 6. Bc4 Nf6 7. Bg5 Be7 8. Qf3 O-O 9. h4 h6 10. Bxf6 Bxf6
11. Nc3 Rb8 12. b3 d6 13. O-O-O Be6 14. Qe2 Qa5 15. Na4 d5 16. exd5 cxd5 17. Bd3 e4 18. Ba6 h5 19. f3 Qb4 20. c4 Qa3+
21. Kb1 dxc4 22. Bxc4 Bxc4 23. Qxc4 exf3 24. gxf3 Rfc8 25. Qf4 Rb4 26. Qf5 Rcb8 27. Rd3 Rxa4 28. Rh2 Rab4 29. Rg2 Qa6 30. Re3 Qf1+
31. Kc2 Qxg2+ 32. Kd3 Rd8+
0-1

[Event "Have to start some time..."]
[Site "SchemingMind.com"]
[Date "2006.05.20"]
[Round "-"]
[White "ld31337"]
[Black "thinkfirst29"]
[Result "0-1"]
[WhiteCountry "USA"]
[BlackCountry "USA"]
[WhiteElo "1471"]
[WhiteRD "76"]
[BlackElo "1603"]
[BlackRD "70"]
[GameID "51518"]

1. e4 e5 2. Nf3 Nc6 3. Bb5 a6 4. Bxc6 bxc6 5. Nxe5 Qe7 6. d4 Bb7 7. f3 d6 8. Ng4 g6 9. O-O Bg7 10. c3 h5
11. Ne3 g5 12. Nd2 O-O-O 13. b3 d5 14. Nf5 Qf6 15. Ba3 Re8 16. c4 g4 17. c5 Ne7 18. Nxg7 Qxg7 19. e5 Nf5 20. fxg4 Ne3
21. Qf3 Nxf1 22. Rxf1 hxg4 23. Qf5+ Kb8 24. Bb4 Bc8 25. Qd3 Re6 26. Ba5 Reh6 27. a4 Rxh2 28. Rf6 g3 29. Kf1 Qg4 30. Rxf7 Qd1#
0-1

[Event "Have to start some time..."]
[Site "SchemingMind.com"]
[Date "2006.05.20"]
[Round "-"]
[White "Easy_E"]
[Black "thinkfirst29"]
[Result "0-1"]
[WhiteCountry "USA"]
[BlackCountry "USA"]
[WhiteElo "1407"]
[WhiteRD "66"]
[BlackElo "1627"]
[BlackRD "70"]
[GameID "51519"]

1. e4 c5 2. Nf3 Nc6 3. d4 cxd4 4. Nxd4 e6 5. Bb5 a6 6. Ba4 b5 7. Bb3 Nf6 8. Bg5 Qa5+ 9. Bd2 Qb6 10. Be3 Qb7
11. Nc3 Bb4 12. a3 Bxc3+ 13. bxc3 Nxe4 14. Qd3 Ne5 15. Qe2 Nxc3 16. Qh5 Qxg2 17. Kd2 Ne4+ 18. Kc1 Nc4 19. Bxc4 bxc4 20. Kb2 Rb8+
21. Nb3 Qg6 22. Qxg6 hxg6 23. Rad1 cxb3 24. cxb3 Rh3 25. b4 a5 26. Ba7 Rb7 27. Rhe1 Rxa7 28. Rxe4 a4 29. Rh1 Bb7 30. Rhe1 Bxe4
31. Rxe4 Rxh2 32. Re2 Rc7 33. Rc2 Rxc2+ 34. Kxc2 Rxf2+ 35. Kc3 g5 36. b5 Kd8 37. Kb4 Kc7 38. Kxa4 Kb6 39. Kb4 g4 40. a4 Ra2
41. a5+ Rxa5 42. Kc4 Rxb5
0-1